00317nam a2200109Ia 4500008004000000082001500040100002200055245002700077260004800104300000800152650004700160210210b1997 xxu||||| |||| 00| 0 eng d a181.4 KRIW aKRISHNAMURTI (J). aWholeness of life, the aMadrasbKrishnamurti Foundation Indiac1997 a254 aJiddu Krishnamurthi The wholeness of life